Estatísticas para As 50 Cidades Mais Populosas do Brasil

Clique aqui para jogar o quiz

Estatísticas Gerais

  • Esse quiz foi jogado 1,699 vezes
  • A pontuação média é 30 de 50

Estatísticas das Respostas

Posição Cidade % Correto
1São Paulo
100%
2Rio de Janeiro
100%
6Belo Horizonte
97%
3Salvador
97%
8Curitiba
96%
10Porto Alegre
95%
7Manaus
94%
4Brasília
92%
49Florianópolis
91%
9Recife
90%
5Fortaleza
89%
14Campinas
89%
11Belém
87%
12Goiânia
85%
19Natal
84%
35Cuiabá
84%
21Campo Grande
83%
24João Pessoa
76%
15São Luís
76%
17Maceió
75%
13Guarulhos
73%
33Aracaju
72%
20Teresina
70%
40Niterói
68%
25Santo André
61%
29Ribeirão Preto
60%
42Porto Velho
59%
30Uberlândia
58%
38Londrina
56%
26Osasco
53%
22São Bernardo do Campo
53%
36Joinville
52%
28São José dos Campos
47%
18Duque de Caxias
42%
46Caxias do Sul
40%
16São Gonçalo
40%
37Juiz de Fora
38%
23Nova Iguaçu
37%
32Sorocaba
37%
34Feira de Santana
36%
48Vila Velha
32%
31Contagem
30%
43Belford Roxo
23%
27Jaboatão dos Guararapes
20%
44Campos dos Goytacazes
20%
50Mauá
19%
45Serra
19%
39Aparecida de Goiânia
16%
41Ananindeua
13%
47São João de Meriti
12%

Distribuição das Pontuações

Percentil de Números Respondidos

Porcentagem de Pessoas com Cada Pontuação

Sua Pontuação Histórica

Você não jogou esse quiz